000 00799nam a22002537a 4500
003 dpl
005 20180626133532.0
008 180626b xxu||||| |||| 00| 0 eng d
010 _aB-126817
020 _c150.00
_a8170632668
035 _aB-126817, B-126821
037 _bCen Lib/Ret
040 _aDPL
_bEN
_c0
082 _a796.03
_bMAN
100 _aMangal, S.K.
_925043
245 _aTeaching of physical sciences :
_cby S.K.Mangal
_bContents and pedagogy /
260 _aNew Delhi
_bArya Book Depot
_c2005
270 _a30,Naiwala Krol Bagh
_bNew Delhi
_e110005
300 _a358p.
_c24cm(Hb)
500 _aIncludes bibliographical reference
650 _aPhysical Science
_925044
650 _aPhysical--Study and teaching
_925045
942 _2ddc
_cEN
_h796.03
_mMAN
999 _c128991
_d128991